Statistiques concernant Devine le footballeur a partir des transferts #2 INSTA : manu._.adr

Cliquez ici pour prendre le quiz!

Statistiques générales

  • Ce quiz a été pris 398 fois
  • Le résultat moyen est 7 sur 8

Statistiques - réponses

Réponse% Correct
Jude Bellingham
96%
Olivier Giroud
96%
Andrés Iniesta
94%
Leroy Sané
85%
Renato Sanches
78%
Philippe Coutinho
75%
Kieran Trippier
69%
Hakim Ziyech
60%

Distribution des résultats

Percentile par nombre de réponses

% des personnes avec chaque résultat

Votre développement - résultats

Vous n’avez pas pris ce quiz